000
00309nam a22001337a 4500
008
180208b xxu||||| |||| 00| 0 eng d
020
_a
156793188X
041
_a
eng
080
_a
610
100
_a
4
101
_a
SHM
245
_a
The Well-Managed Healthcare Organization
_c
Griffith, J.R
942
_2
udc
_c
BK
999
_c
42100
_d
42100